Paroles Avant de partir-Eve Angeli - Statistiques

Statistiques générales
  • Ce quiz a été pris 14 fois
  • Le résultat moyen est 198 sur 265
Statistiques - réponses
Réponse % Correct
à
100%
A
100%
Avant
100%
avant
100%
de
100%
partir
100%
ces
91%
je
91%
Je
91%
ma
91%
moi
91%
Moi
91%
peu
91%
pour
91%
Que
91%
se
91%
Te
91%
te
91%
toi
91%
un
91%
coeur
82%
es
82%
Et
82%
Laisse-moi
82%
le
82%
les
82%
me
82%
mon
82%
ne
82%
nous
82%
plus
82%
Quand
82%
quand
82%
qui
82%
tu
82%
Tu
82%
demain
73%
des
73%
dire
73%
dit
73%
jusqu'à
73%
loin
73%
Mais
73%
mes
73%
retenir
73%
rien
73%
Rien
73%
si
73%
Si
73%
tête
73%
une
73%
vie
73%
amour
64%
comment
64%
Comment
64%
contraire
64%
dans
64%
en
64%
fois
64%
heure
64%
J'apprendrai
64%
jours
64%
Juste
64%
juste
64%
mains
64%
moments
64%
passer
64%
près
64%
séparera
64%
ses
64%
tous
64%
aimer
55%
avec
55%
cet
55%
corps
55%
du
55%
elle
55%
forts
55%
ici
55%
instants
55%
n'ai
55%
pense
55%
Sentir
55%
souviennent
55%
veux
55%
ailes
45%
Aime-moi
45%
bras
45%
courts
45%
donnes
45%
dors
45%
envie
45%
garder
45%
j'apprends
45%
lorsque
45%
même
45%
parler
45%
pousser
45%
qu'une
45%
ris
45%
s'abandonne
45%
surprends
45%
t'aime
45%
trop
45%
tuer
45%
vivre
45%
voudrait
45%
aucun
36%
bout
36%
détour
36%
disais
36%
lèvres
36%
m'endors
36%
Oh
36%
sans
36%
Aucun quiz correspondant
Distribution des résultats
% des personnes avec chaque résultat
Percentile par nombre de réponses
Votre historique - résultats
Vous n’avez pas pris ce quiz